Định mức dự toán lắp đặt truyền dẫn phát sóng truyền hình trong xây dựng : Ban hành kèm theo Quyết định số 15/2002/QĐ-BXD ngày 10 tháng 6 năm 2002 của Bộ trưởng Bộ Xây dựng

Tập định mức này làm căn cứ để lập đơn giá xây dựng, lập dự toán xây lắp công trình xây dựng của các dự án đầu tư xây dựng truyền dẫn phát sóng truyền hình.

保存先:
書誌詳細
フォーマット: 図書
言語:Undetermined
出版事項: Hà Nội Xây dựng 2002
主題:
タグ: タグ追加
タグなし, このレコードへの初めてのタグを付けませんか!
Thư viện lưu trữ: Trung tâm Học liệu Trường Đại học Cần Thơ
LEADER 01012nam a2200193Ia 4500
001 CTU_226583
008 210402s9999 xx 000 0 und d
082 |a 690.0212 
082 |b Đ312 
245 0 |a Định mức dự toán lắp đặt truyền dẫn phát sóng truyền hình trong xây dựng : 
245 0 |b Ban hành kèm theo Quyết định số 15/2002/QĐ-BXD ngày 10 tháng 6 năm 2002 của Bộ trưởng Bộ Xây dựng 
245 0 |c Bộ Xây dựng 
260 |a Hà Nội 
260 |b Xây dựng 
260 |c 2002 
520 |a Tập định mức này làm căn cứ để lập đơn giá xây dựng, lập dự toán xây lắp công trình xây dựng của các dự án đầu tư xây dựng truyền dẫn phát sóng truyền hình. 
650 |a Construction industry,Ngành xây dựng 
910 |b vtbtruc 
980 |a Trung tâm Học liệu Trường Đại học Cần Thơ